000
00347nam a2200169Ia 4500
008
210210b xxu||||| |||| 00| 0 eng d
041
_a
eng
082
_a
872/74
100
_a
-
245
_a
Kerala maha charithram
260
_a
_b
-
_c
650
_a
maha
650
_a
Kerala
650
_a
charithram
690
_a
Malayalam
906
_a
002489
999
_c
124460
_d
124460